000 00459nam a22001577a 4500
020 _a81-7141-995-X
082 _a510
_bSHA/T
100 _aSHARMA, A.K
245 _aTEXT BOOK OF CIRCLES AND PRABOLA
250 _aFIRST EDITION
260 _aDELHI
_bDISCOVERY PUBLISHING HOUSE
_c2005
300 _a300
520 _aTO MEET THE REQUIREMENTS OF B.SC AND ENGINEERING STUDENTS OF VARIOUS UNIVERSITIES OF INDIA.
650 _aMATHS REFERENCE
_zINDIA
942 _cBK
999 _c1270
_d1270